Bài giảng hệ tiêu hoá : Chương trình Y đa khoa đổi mới
Nội dung sách trình bày kiến thức về hình thái và chức năng của ống tiêu hoá, các tuyến tiêu hoá; vi khuẩn thường trú đường tiêu hoá và Helicobacter pylori; sự hình thành, phát triển và điều hoà hoạt động hệ tiêu hoá....
Na minha lista:
| Autor principal: | |
|---|---|
| Outros Autores: | , |
| Formato: | Livro |
| Idioma: | Vietnamese |
| Publicado em: |
Thành phố Hồ Chí Minh
Nxb. Đại học Quốc gia Tp. Hồ Chí Minh
2020
|
| Assuntos: | |
| Tags: |
Adicionar Tag
Sem tags, seja o primeiro a adicionar uma tag!
|
| Thư viện lưu trữ: | Thư viện Trường Đại học Nam Cần Thơ |
|---|
| LEADER | 01599nam a22002417a 4500 | ||
|---|---|---|---|
| 001 | NCT_145294 | ||
| 008 | 171006b xxu||||| |||| 00| 0 vie d | ||
| 999 | |c 7484 |d 7484 | ||
| 020 | |c 200000 |a 9786047378951 | ||
| 082 | 0 | 4 | |2 23rd ed. |a 612.3 |b Đ552 |
| 100 | 1 | |a Quách Ngọc Đức |e Chủ biên | |
| 245 | 1 | 0 | |a Bài giảng hệ tiêu hoá : |b Chương trình Y đa khoa đổi mới |c Quách Ngọc Đức (Chủ biên) ; Lê Văn Cường, Hoàng Anh Vũ,... |
| 260 | |a Thành phố Hồ Chí Minh |b Nxb. Đại học Quốc gia Tp. Hồ Chí Minh |c 2020 | ||
| 300 | |a 244 tr. |b Minh họa |c 27 cm | ||
| 500 | |a ĐTTS ghi: Đại học Y Dược Thành phố Hồ Chí Minh. Module Tiêu hoá | ||
| 520 | 3 | |a Nội dung sách trình bày kiến thức về hình thái và chức năng của ống tiêu hoá, các tuyến tiêu hoá; vi khuẩn thường trú đường tiêu hoá và Helicobacter pylori; sự hình thành, phát triển và điều hoà hoạt động hệ tiêu hoá. | |
| 653 | |a Y đa khoa | ||
| 700 | 1 | |a Lê Văn Cường |e Biên soạn | |
| 700 | 1 | |a Hoàng Anh Vũ |e Biên soạn | |
| 942 | |2 ddc |c BK | ||
| 952 | |0 0 |1 0 |2 ddc |4 0 |6 612_300000000000000_Đ552 |7 0 |9 26887 |a 000001 |b 000001 |d 2023-03-27 |o 612.3 Đ552 |p MD.21194 |r 2023-03-27 |v 200000.00 |w 2023-03-27 |y BK | ||
| 952 | |0 0 |1 0 |2 ddc |4 0 |6 612_300000000000000_Đ552 |7 0 |9 26888 |a 000001 |b 000001 |d 2023-03-27 |o 612.3 Đ552 |p MD.21195 |r 2023-03-27 |v 200000.00 |w 2023-03-27 |y BK | ||
| 980 | |a Thư viện Trường Đại học Nam Cần Thơ | ||


